Grabados y dibujos de Tiépolo (Record no. 88136)

MARC details
000 -LEADER
campo de control de longitud fija 00810nam a2200217 i 4500
001 - NÚMERO DE CONTROL
campo de control 88136
003 - IDENTIFICADOR DE NÚMERO DE CONTROL
campo de control ES-MaACL
005 - FECHA Y HORA DE LA ÚLTIMA TRANSACCIÓN
campo de control 20250823063045.0
007 - CAMPO FIJO DE DESCRIPCIÓN FÍSICA--INFORMACIÓN GENERAL
campo de control de longitud fija t|
008 - DATOS DE LONGITUD FIJA--INFORMACIÓN GENERAL
campo de control de longitud fija 050103s1935 sp ||||1| spa d
100 1# - ENTRADA PRINCIPAL--NOMBRE DE PERSONA
Nombre de persona Lafuente Ferrari, Enrique,
Fechas asociadas al nombre 1898-1985
9 (RLIN) 69538
245 10 - MENCIÓN DEL TÍTULO
Título Grabados y dibujos de Tiépolo
Resto del título : estudio preliminar y catálogo /
Mención de responsabilidad, etc. por Enrique Lafuente Ferrari.
260 ## - PUBLICACIÓN, DISTRIBUCIÓN, ETC.
Lugar de publicación, distribución, etc. Madrid :
Nombre del editor, distribuidor, etc. [s.n.,
Fecha de publicación, distribución, etc. 1935] (
Fabricante Imp. Helénica)
300 ## - DESCRIPCIÓN FÍSICA
Extensión 63 p., 16 lám. ;
Dimensiones 20 cm.
500 ## - NOTA GENERAL
Nota general Precede al tít.: Patronato de la Biblioteca Nacional.
600 14 - PUNTO DE ACCESO ADICIONAL DE MATERIA--NOMBRE DE PERSONA
Nombre de persona Tiepolo, Giovanni Battista.
9 (RLIN) 146850
600 14 - PUNTO DE ACCESO ADICIONAL DE MATERIA--NOMBRE DE PERSONA
Nombre de persona Tiepolo, Giovanni Domenico (
Fechas asociadas al nombre 1727-180)
9 (RLIN) 152652
710 2# - ENTRADA AGREGADA--NOMBRE DE ENTIDAD CORPORATIVA
Nombre de entidad corporativa o nombre de jurisdicción como elemento de entrada Biblioteca Nacional (España).
Unidad subordinada Patronato.
9 (RLIN) 2194
852 ## - LOCALIZACIÓN
Ubicación ES-MaACL
Número de control de estantería 1894-F-6
Sublocalización o colección R.26854
Holdings
Estatus retirado Estado de pérdida Estado de daño No para préstamo Colección Biblioteca de origen Biblioteca actual Ubicación en estantería Fecha de adquisición Fuente de adquisición Total de préstamos Signatura topográfica completa Código de barras Visto por última vez Precio de reemplazo Tipo de ítem Koha
        Colección de folletos Biblioteca del Ateneo de Madrid Biblioteca del Ateneo de Madrid Depósito folletos 17/01/2008     1894-F-6 1092069 23/02/2023 23/02/2023 Folleto